| 000 | 01596cam a2200325 i 4500 | ||
|---|---|---|---|
| 999 |
_c7860 _d7860 |
||
| 001 | 991060886073606706 | ||
| 003 | OSt | ||
| 005 | 20240215161919.0 | ||
| 008 | 221123s2022 spc||| |||| o|0000dcat | ||
| 017 |
_aDL B 7886-2022 _bBiblioteca de Catalunya |
||
| 040 |
_aES-BaBC _bcat _erda _cCDMR |
||
| 041 | 1 |
_acat _aspa _aeng |
|
| 080 |
_a070:331.548 _22004 |
||
| 080 |
_a070.42:37.02 _22004 |
||
| 245 | 0 | 0 |
_aNoves oportunitats i nínxols d'ocupació per a periodistes _c/ [coordinació:] Josep Lluís Micó ; [autoria:] Patrícia Coll, Alba Sabaté, Sílvia Vehí, Núria Torras |
| 264 | 1 |
_aBarcelona : _bAjuntament de Barcelona, Barcelona Activa : _bCol·legi de Periodistes de Catalunya, _c2022 |
|
| 300 |
_a58 pàgines : _bil·lustracions en color ; _c30 cm |
||
| 490 | 1 |
_aCol·lecció Quaderns del futur del(s) treball(s) ; _v3 |
|
| 500 | _aAl verso de la portada: "Aquest informe encarregat pel Col·legi de Periodistes de Catalunya i Barcelona Activa ha estat elaborat pel grup de recerca STReaM (Society, Technology, Religion and Media), de la Facultat de Comunicació i Relacions Internacionals Blanquerna (Universitat Ramon Llull), entre els mesos d’abril i setembre de 2021" | ||
| 504 | _aBibliografia: pàgines 57-58 | ||
| 650 | 7 |
_aPeriodisme _xOrientació professional. _2lemac |
|
| 650 | 7 |
_aPeriodistes _xFormació. _2lemac |
|
| 700 | 1 | _aColl, Patricia. | |
| 700 | 1 |
_aMicó, Josep Lluís _92519 |
|
| 830 | 0 |
_aQuaderns del futur del treball ; _v3 |
|
| 856 | 4 | 1 |
_zAccés lliure _uhttps://omeka.periodistes.cat/items/show/652 |
| 908 | _aBC | ||
| 940 | _aBC | ||
| 942 |
_2udc _cMON |
||